Herr der Ringe & Der Hobbit - Bildschirmzeit - Statistiken

Allgemein
  • Dieses Quiz wurde 164 mal gespielt
  • Das Durchschnittsergebnis liegt bei 31 aus 51
Antwortstatistiken
Hint Antwort % Korrekt
142 Frodo
100%
144:30 Bilbo
99%
165 Gandalf
99%
56:45 Legolas
98%
96:15 Aragorn
95%
92:45 Samwise
95%
67 Pippin
93%
55:30 Merry
92%
39 Gimli
91%
20 Saruman
88%
6:30 Sauron
88%
51 Gollum
84%
27:15 Boromir
83%
91:45 Thorin
80%
19:45 Faramir
75%
19:30 Galadriel
75%
23 Elrond
73%
15:45 Arwen
70%
26:15 Theoden
68%
27:30 Fili
65%
36:30 Kili
65%
40:15 Balin
63%
21:30 Smaug
63%
28:30 Eowyn
61%
21:30 Gloin
60%
10:45 Eomer
58%
21:45 Bombur
57%
31 Dwalin
57%
13 Azog
55%
13:45 Baumbart
55%
21:15 Bifur
55%
10:30 Radagast
55%
19:30 Tauriel
52%
17 Thranduil
52%
7:15 Grima Schlangenzunge
51%
20:45 Oin
51%
10:30 Denethor
50%
27 Bard
49%
26:15 Bofur
49%
7:15 Hexenkönig von Angmar
46%
20:30 Nori
44%
8:30 Bolg
43%
21:30 Ori
42%
20:15 Dori
40%
6:15 Beorn
34%
4 Dain Eisenfuß
25%
11 Alfrid
24%
6:30 Bürgermeister von Seestadt
22%
4 Gamling
15%
4:15 Bain
12%
5:30 Großer Ork
8%
Keine übereinstimmenden Quizze gefunden
Verteilung der Resultate
Anzahl Personen mit jedem Resultat
Perzentil nach korrekt beantworteten Fragen
Ihre Resultats-Entwicklung
Sie haben dieses Quiz noch nicht gespielt